Strzelcy bramek w 31 kolejce Bundesligi w sezonie 2020/21. - Statystyki

Ogólne statystyki
  • Ten quiz został rozwiązany 8 razy
    3 od ostatniego zresetowania
  • Średni wynik to 3 z 30
Statystyki odpowiedzi
Mecz Piłkarz % Poprawnych
Mainz - Bayern 2:1 Lewandowski
100%
Monchengladbach - Bielefeld 1:0 Embolo
33%
Monchengladbach - Bielefeld 4:0 Embolo
33%
Wolfsburg - Dortmund 0:1 Haaland
33%
Wolfsburg - Dortmund 0:2 Haaland
33%
Freiburg - Hoffenheim 0:1 Kramaric
33%
Leverkusen - Frankfurt 2:0 Alario
0%
Leverkusen - Frankfurt 1:0 Bailey
0%
Monchengladbach - Bielefeld 3:0 Bensebaini
0%
Schalke - Hertha 1:1 Boyata
0%
Mainz - Bayern 1:0 Burkardt
0%
Leverkusen - Frankfurt 3:1 Demirbay
0%
Augsburg - Koln 0:1 Duda
0%
Augsburg - Koln 0:3 Duda
0%
RB Lipsk - Stuttgart 2:0 Forsberg
0%
Union Berlin - Werder Brema 3:1 Gebre Selassie
0%
Freiburg - Hoffenheim 1:1 Grifo
0%
Augsburg - Koln 1:3 Gumny
0%
RB Lipsk - Stuttgart 1:0 Haidara
0%
Schalke - Hertha 1:0 Harit
0%
Augsburg - Koln 0:2 Kainz
0%
Schalke - Hertha 1:2 Ngankam
0%
Monchengladbach - Bielefeld 5:0 Plea
0%
Union Berlin - Werder Brema 1:0 Pohjanpalo
0%
Union Berlin - Werder Brema 2:0 Pohjanpalo
0%
Union Berlin - Werder Brema 3:0 Pohjanpalo
0%
Mainz - Bayern 2:0 Quaison
0%
Leverkusen - Frankfurt 2:1 Silva
0%
Monchengladbach - Bielefeld 2:0 Thuram
0%
Augsburg - Koln 2:3 Vargas
0%
Nie znaleziono quizów pasujących do podanych kryteriów
Rozkład punktacji
Procent ludzi z każdym wynikiem
Percentyl według liczby udzielonych odpowiedzi
Twoja historia wyników
Nie rozwiązałeś tego quizu od ostatniego zresetowania